Eagles: Albums by Cover - Statistics

General Stats
  • This quiz has been taken 20 times
  • The average score is 5 of 7
Answer Stats
Picture Hint Answer % Correct
1976 Hotel California
100%
1975 One of These Nights
82%
1973 Desperado
71%
1972 Eagles
71%
1979 The Long Run
71%
1974 On the Border
65%
2007 Long Road Out of Eden
53%
No matching quizzes found
Score Distribution
Percent of People with Each Score
Percentile by Number Answered
Your Score History
You have not taken this quiz